000 01122nam a2200289 a 4500
001 000023021
005 20200930021933.0
008 101124s2000 sp r 000 0 spa d
020 _a8430604111
040 _aDO-SdBNP
_bspa
_cBNPHU
082 _a864.64
_bR449g
100 1 _aRevel, Jean François
_d1924-2006.
_933303
240 1 0 _aLa grande parade : essai sur la survie de l'utopie socialiste.
_lEspañol.
245 1 0 _aLa gran mascarada :
_bensayo sobre la supervivencia de la utopía socialista /
_cJean François Revel ; traduccion de María Cordón.
260 _aMadrid, (España) :
_bTaurus,
_c2000.
300 _a319 p. ;
_c24 cm.
490 1 _aPensamiento
500 _aIncluye referencia bibliográficas y notas al pie de las páginas.
534 _aTítulo original:
_tLa grande parade : essai sur la survie de l'utopie socialiste.
650 4 _aEnsayos españoles
_93095
650 4 _aLiteratura española
_9632
650 4 _aSocialismo y liberalismo
_947359
650 4 _aSocialismo y totalitarismo
_947360
700 1 _aCordón, María
_etr.
_947361
830 0 _aPensamiento
_99245
049 _aBNGR
999 _c22518
_d22518